[Event "Muensterland Verbandsklasse 2122"]
[Site "Germany"]
[Date "2021.09.25"]
[Round "1.2"]
[White "Hauk, Viktoria"]
[Black "Stein, Michael"]
[Result "1-0"]
[WhiteElo "1885"]
[BlackElo "1673"]
[PlyCount "63"]
[EventDate "2021.??.??"]
[EventType "team"]
[EventRounds "9"]
[EventCountry "GER"]
[SourceTitle "Verband Muensterland"]
[SourceDate "2021.09.29"]
[SourceVersion "1"]
[SourceVersionDate "2021.09.29"]
[SourceQuality "1"]
[WhiteTeam "Rheine Klein Berlin II"]
[BlackTeam "Duelmen II"]
[WhiteTeamCountry "GER"]
[BlackTeamCountry "GER"]

1. d4 Nf6 2. c4 g6 3. Nc3 d5 4. Bg5 Ne4 5. Bh4 Nxc3 6. bxc3 Bg7 7. e3 c6 8. Bd3
O-O 9. Nf3 Nd7 10. cxd5 cxd5 11. Qb3 Nf6 12. O-O b6 13. a4 Bb7 14. a5 Rc8 15.
axb6 Qxb6 16. Rfb1 e6 17. Qc2 Qc6 18. Rb3 Ra8 19. Qb2 Bc8 20. Ne5 Qc7 21. Bg3
Nh5 22. Nxg6 Nxg3 23. Nxf8 Ne4 24. Nxh7 Kxh7 25. f3 f5 26. fxe4 fxe4 27. Bf1 e5
28. Rb5 exd4 29. cxd4 Qd6 30. Qb3 Be6 31. Rb7 a6 32. Rb6 1-0

[Event "Muensterland Verbandsklasse 2122"]
[Site "Germany"]
[Date "2021.09.25"]
[Round "1.3"]
[White "Lober, Sascha"]
[Black "Hemmert, Michael"]
[Result "0-1"]
[WhiteElo "1708"]
[BlackElo "1765"]
[PlyCount "152"]
[EventDate "2021.??.??"]
[EventType "team"]
[EventRounds "9"]
[EventCountry "GER"]
[SourceTitle "Verband Muensterland"]
[SourceDate "2021.09.29"]
[SourceVersion "1"]
[SourceVersionDate "2021.09.29"]
[SourceQuality "1"]
[WhiteTeam "Duelmen II"]
[BlackTeam "Rheine Klein Berlin II"]
[WhiteTeamCountry "GER"]
[BlackTeamCountry "GER"]

1. Nc3 f5 2. e4 d6 3. Bb5+ c6 4. Ba4 Nf6 5. d3 e5 6. Nf3 Na6 7. exf5 Bxf5 8.
Be3 Qc7 9. Qe2 Be7 10. Bb3 O-O-O 11. Ng5 d5 12. Bd2 Rhf8 13. O-O-O Nc5 14. h3
Nxb3+ 15. axb3 h6 16. Nf3 Bd6 17. Rhe1 Rde8 18. Qf1 g5 19. Ng1 b5 20. Na2 a5
21. Re2 b4 22. Qe1 Qf7 23. Kb1 Nd7 24. Nc1 c5 25. f3 Nb6 26. Qf2 Qc7 27. h4 Rg8
28. g4 Bh7 29. hxg5 hxg5 30. Nh3 Be7 31. Rde1 Bf6 32. Be3 Nd7 33. Qh2 Re7 34.
Qg1 Kb7 35. Rh2 c4 36. dxc4 dxc4 37. Ree2 a4 38. bxc4 b3 39. c5 Qa5 40. Bd2
Bxc2+ 41. Ka1 Qb5 42. c6+ Kxc6 43. Bc3 Bg6 44. Qd1 Ra8 45. Rd2 Qc5 46. Nd3 Qb5
47. Nb4+ Kb7 48. Rd5 Nc5 49. Rd6 a3 50. Qd5+ Kc7 51. Rd2 axb2+ 52. Kxb2 Na4+
53. Kc1 Qxd5 54. R6xd5 Nxc3 55. Rc5+ Kb7 56. Rxc3 Ra1+ 57. Kb2 e4 58. Kxb3 Rb1+
59. Rb2 Rxb2+ 60. Kxb2 Bxc3+ 61. Kxc3 exf3 62. Kd2 Re2+ 63. Kd1 Rg2 64. Nd5
Rxg4 65. Ne3 Rg3 66. Nf2 Kc6 67. Ke1 Rg1+ 68. Kd2 Kc5 69. Neg4 Kd4 70. Nh2 Be4
71. Nhg4 Bg6 72. Ne3 Ra1 73. Ned1 Bf5 74. Nh1 g4 75. Ng3 Bg6 76. Ke1 Bc2 0-1

[Event "Muensterland Verbandsklasse 2122"]
[Site "Germany"]
[Date "2021.09.25"]
[Round "1.4"]
[White "Miethe, Christoph"]
[Black "Bienhuels, Michael"]
[Result "0-1"]
[WhiteElo "1761"]
[BlackElo "1612"]
[PlyCount "110"]
[EventDate "2021.??.??"]
[EventType "team"]
[EventRounds "9"]
[EventCountry "GER"]
[SourceTitle "Verband Muensterland"]
[SourceDate "2021.09.29"]
[SourceVersion "1"]
[SourceVersionDate "2021.09.29"]
[SourceQuality "1"]
[WhiteTeam "Rheine Klein Berlin II"]
[BlackTeam "Duelmen II"]
[WhiteTeamCountry "GER"]
[BlackTeamCountry "GER"]

1. e4 c5 2. c3 d6 3. d4 Nf6 4. dxc5 Nc6 5. f3 d5 6. exd5 Qxd5 7. Qxd5 Nxd5 8.
Bc4 e6 9. Bxd5 exd5 10. Be3 Ne5 11. b4 Bf5 12. Bd4 Nd3+ 13. Kd2 a5 14. g4 Bg6
15. Nh3 axb4 16. cxb4 h5 17. g5 Nxb4 18. Nf4 Bf5 19. Re1+ Kd7 20. Re5 Be6 21.
Nxe6 fxe6 22. Re3 Nc6 23. Bb2 Bxc5 24. Rb3 Na5 25. Rb5 Nc4+ 26. Kc2 Kc6 27. a4
Nxb2 28. Rxb2 Rhf8 29. Rb3 Rf5 30. Nd2 Rxg5 31. Re1 e5 32. h4 Rf5 33. Reb1 b6
34. Nf1 Rxa4 35. Ng3 Rc4+ 36. Kd2 Rf7 37. Rh1 g6 38. Ne2 Bf2 39. Rh2 Bxh4 40.
f4 exf4 41. Rxh4 f3 42. Rxc4+ dxc4 43. Rxf3 Rxf3 44. Nd4+ Kd5 45. Nxf3 b5 46.
Kc3 Ke4 47. Nd2+ Ke3 48. Nf1+ Kf2 49. Nd2 h4 50. Ne4+ Kf3 51. Ng5+ Kg2 52. Ne6
h3 53. Nf4+ Kg3 54. Ne2+ Kf2 55. Nf4 h2 0-1

[Event "Muensterland Verbandsklasse 2122"]
[Site "Germany"]
[Date "2021.09.25"]
[Round "1.5"]
[White "Krimphove, Martin"]
[Black "Pohlmeier, Ulrich"]
[Result "1-0"]
[WhiteElo "1480"]
[BlackElo "1635"]
[PlyCount "83"]
[EventDate "2021.??.??"]
[EventType "team"]
[EventRounds "9"]
[EventCountry "GER"]
[SourceTitle "Verband Muensterland"]
[SourceDate "2021.09.29"]
[SourceVersion "1"]
[SourceVersionDate "2021.09.29"]
[SourceQuality "1"]
[WhiteTeam "Duelmen II"]
[BlackTeam "Rheine Klein Berlin II"]
[WhiteTeamCountry "GER"]
[BlackTeamCountry "GER"]

1. d4 Nf6 2. c4 g6 3. Nc3 Bg7 4. e4 d6 5. Nf3 O-O 6. Be2 e5 7. dxe5 dxe5 8.
Qxd8 Rxd8 9. Bg5 Re8 10. Bxf6 Bxf6 11. Nd5 Bd8 12. O-O c6 13. Nc3 a5 14. a3 Bf6
15. b4 Be6 16. Rfd1 Nd7 17. c5 g5 18. Nd2 Bg7 19. Bc4 Bxc4 20. Nxc4 Red8 21.
Nxa5 Rab8 22. Nc4 Nf6 23. Rxd8+ Rxd8 24. Nd6 b6 25. a4 bxc5 26. bxc5 Nd7 27.
Nb7 Ra8 28. a5 Bf8 29. Na4 Rb8 30. a6 Ra8 31. Nb6 Nxb6 32. cxb6 Bb4 33. a7 Bc3
34. Rb1 Bd4 35. Nd6 Bxb6 36. Rxb6 Rxa7 37. f3 Ra1+ 38. Kf2 Ra2+ 39. Kg3 h5 40.
Rxc6 h4+ 41. Kh3 Rd2 42. Nc4 1-0

[Event "Muensterland Verbandsklasse 2122"]
[Site "Germany"]
[Date "2021.09.25"]
[Round "1.6"]
[White "Huesmann, Stephan"]
[Black "Ulunque Villazon, Humberto"]
[Result "1-0"]
[WhiteElo "1622"]
[BlackElo "1603"]
[PlyCount "71"]
[EventDate "2021.??.??"]
[EventType "team"]
[EventRounds "9"]
[EventCountry "GER"]
[SourceTitle "Verband Muensterland"]
[SourceDate "2021.09.29"]
[SourceVersion "1"]
[SourceVersionDate "2021.09.29"]
[SourceQuality "1"]
[WhiteTeam "Rheine Klein Berlin II"]
[BlackTeam "Duelmen II"]
[WhiteTeamCountry "GER"]
[BlackTeamCountry "GER"]

1. e4 c5 2. Nf3 d6 3. d4 cxd4 4. Nxd4 Nf6 5. Nc3 a6 6. Be2 g6 7. Be3 Bd7 8. f4
Qc7 9. Bf3 Nc6 10. Nb3 b5 11. Qd2 Bg7 12. O-O-O Rc8 13. e5 Ng4 14. Nd5 Qb8 15.
Nxe7 Nxe3 16. Nxc8 Qxc8 17. Qxe3 dxe5 18. Qc5 Nd4 19. Qxc8+ Bxc8 20. Nxd4 exd4
21. Rhe1+ Be6 22. Bc6+ Ke7 23. Bd5 Kd6 24. Bxe6 fxe6 25. Re4 Kd5 26. Rde1 Re8
27. g4 b4 28. Kd2 e5 29. Kd3 g5 30. Rxd4+ exd4 31. Rxe8 gxf4 32. Re7 Be5 33.
Rxh7 f3 34. h3 Bf6 35. Rh5+ Be5 36. Rf5 1-0

[Event "Muensterland Verbandsklasse 2122"]
[Site "Germany"]
[Date "2021.09.25"]
[Round "1.7"]
[White "Ulunque Villazon, Stephen"]
[Black "Van Dam, Hans"]
[Result "0-1"]
[WhiteElo "1585"]
[BlackElo "1594"]
[PlyCount "80"]
[EventDate "2021.??.??"]
[EventType "team"]
[EventRounds "9"]
[EventCountry "GER"]
[SourceTitle "Verband Muensterland"]
[SourceDate "2021.09.29"]
[SourceVersion "1"]
[SourceVersionDate "2021.09.29"]
[SourceQuality "1"]
[WhiteTeam "Duelmen II"]
[BlackTeam "Rheine Klein Berlin II"]
[WhiteTeamCountry "GER"]
[BlackTeamCountry "GER"]

1. e4 e5 2. Nf3 Nc6 3. Bb5 d6 4. h3 Bd7 5. O-O Nf6 6. Re1 Be7 7. Nc3 a6 8. Bxc6
Bxc6 9. d3 h6 10. Nh4 Bd7 11. Nf3 Qc8 12. Nd5 Nxd5 13. exd5 Bg5 14. Bxg5 hxg5
15. Nxg5 f6 16. Ne6 Bxe6 17. dxe6 Qxe6 18. Qf3 O-O-O 19. d4 Rh4 20. dxe5 dxe5
21. Rad1 Rxd1 22. Rxd1 g6 23. b3 Rd4 24. Rxd4 exd4 25. Kf1 f5 26. Qd3 Qe5 27.
g4 c5 28. gxf5 gxf5 29. h4 Kd7 30. Qg3 f4 31. Qg5 Qxg5 32. hxg5 Ke6 33. Ke2 Kf5
34. Kf3 Kxg5 35. Ke4 Kg4 36. a3 a5 37. a4 b6 38. Ke5 Kf3 39. Kf5 Kxf2 40. Kxf4
Ke2 0-1

[Event "Muensterland Verbandsklasse 2122"]
[Site "Germany"]
[Date "2021.09.25"]
[Round "1.8"]
[White "Schmiemann, Karlheinz"]
[Black "Sindermann, Erwin"]
[Result "0-1"]
[WhiteElo "1389"]
[BlackElo "1679"]
[PlyCount "132"]
[EventDate "2021.??.??"]
[EventType "team"]
[EventRounds "9"]
[EventCountry "GER"]
[SourceTitle "Verband Muensterland"]
[SourceDate "2021.09.29"]
[SourceVersion "1"]
[SourceVersionDate "2021.09.29"]
[SourceQuality "1"]
[WhiteTeam "Rheine Klein Berlin II"]
[BlackTeam "Duelmen II"]
[WhiteTeamCountry "GER"]
[BlackTeamCountry "GER"]

1. e4 c5 2. Nf3 Nc6 3. d4 cxd4 4. Nxd4 Nf6 5. Nc3 e5 6. Nf3 d6 7. h3 h6 8. Bc4
Be7 9. O-O O-O 10. Be3 Be6 11. Bb3 a6 12. Qd2 Bxb3 13. axb3 Rc8 14. Rad1 b5 15.
Nd5 Nxe4 16. Nxe7+ Qxe7 17. Qd5 Nf6 18. Qxd6 e4 19. Qxe7 Nxe7 20. Nd4 Nfd5 21.
c3 f5 22. b4 f4 23. Bc1 e3 24. fxe3 fxe3 25. Rxf8+ Rxf8 26. Rf1 Re8 27. g4 Ng6
28. Ne2 Ne5 29. Kg2 g5 30. Rd1 Nf4+ 31. Kf1 Nxh3 32. Bxe3 Nxg4 33. Bd4 Rf8+ 34.
Kg2 Nf4+ 35. Nxf4 Rxf4 36. Re1 Kf7 37. Bc5 h5 38. Re7+ Kg6 39. Bd4 Kf5 40. Ra7
Re4 41. Rxa6 Ne5 42. Rb6 Kg4 43. Rxb5 Nd3 44. Ra5 h4 45. Ra1 Re2+ 46. Kf1 Kf3
47. Kg1 Rxb2 48. Rd1 Nf4 49. Rf1+ Kg4 50. Kh1 Ne2 51. Be5 Ng3+ 52. Bxg3 Kxg3
53. Rg1+ Kf4 54. Rf1+ Ke4 55. Re1+ Kf5 56. Rf1+ Kg6 57. Rd1 g4 58. Rd6+ Kf5 59.
Rd5+ Ke4 60. Rd4+ Kf3 61. Rd3+ Kf2 62. Rd4 Rb1+ 63. Kh2 g3+ 64. Kh3 Rh1+ 65.
Kg4 g2 66. Rd2+ Kf1 0-1

[Event "Muensterland Verbandsklasse 2122"]
[Site "Germany"]
[Date "2021.09.25"]
[Round "1.1"]
[White "Schulze Forsthoevel, Manfred"]
[Black "Wienen, Hermann"]
[Result "0-1"]
[WhiteElo "1502"]
[BlackElo "1908"]
[PlyCount "42"]
[EventDate "2021.??.??"]
[EventType "team"]
[EventRounds "9"]
[EventCountry "GER"]
[SourceTitle "Verband Muensterland"]
[SourceDate "2021.09.29"]
[SourceVersion "1"]
[SourceVersionDate "2021.09.29"]
[SourceQuality "1"]
[WhiteTeam "Heiden II"]
[BlackTeam "Heiden"]
[WhiteTeamCountry "GER"]
[BlackTeamCountry "GER"]

1. d4 g6 2. Nf3 Bg7 3. Bf4 d6 4. Nc3 Nd7 5. e3 Ngf6 6. Bd3 O-O 7. Qe2 Re8 8. h3
c6 9. Ne4 Nxe4 10. Bxe4 Nf6 11. Bd3 e5 12. dxe5 dxe5 13. Bxe5 Rxe5 14. Nxe5
Qa5+ 15. c3 Qxe5 16. O-O-O Be6 17. Bb1 Qa5 18. a3 Nd5 19. Rd3 Bf5 20. Rxd5 Qxd5
21. e4 Bh6+ 0-1

[Event "Muensterland Verbandsklasse 2122"]
[Site "Germany"]
[Date "2021.09.25"]
[Round "1.2"]
[White "Berger, Alfred"]
[Black "Wichert, Michael"]
[Result "1-0"]
[WhiteElo "1893"]
[BlackElo "1714"]
[PlyCount "62"]
[EventDate "2021.??.??"]
[EventType "team"]
[EventRounds "9"]
[EventCountry "GER"]
[SourceTitle "Verband Muensterland"]
[SourceDate "2021.09.29"]
[SourceVersion "1"]
[SourceVersionDate "2021.09.29"]
[SourceQuality "1"]
[WhiteTeam "Heiden"]
[BlackTeam "Heiden II"]
[WhiteTeamCountry "GER"]
[BlackTeamCountry "GER"]

1. Nf3 d5 2. c4 e6 3. g3 Nf6 4. Bg2 Be7 5. O-O O-O 6. d4 c5 7. cxd5 Nxd5 8. e4
Nb6 9. Nc3 cxd4 10. Nb5 Bd7 11. Nfxd4 Nc6 12. Qe2 Nxd4 13. Nxd4 e5 14. Nf5 Be6
15. b3 g6 16. Bh6 gxf5 17. exf5 Bxf5 18. Qxe5 f6 19. Qxf5 Rf7 20. Qg4+ Kh8 21.
Qe6 Qg8 22. a4 Bf8 23. Bxf8 Qxf8 24. Rfe1 Rd8 25. Rad1 Rxd1 26. Rxd1 Re7 27.
Qf5 Re5 28. Qf4 Re7 29. h4 Nd7 30. Rd6 Rf7 31. Qd4 Kg7 1-0

[Event "Muensterland Verbandsklasse 2122"]
[Site "Germany"]
[Date "2021.09.25"]
[Round "1.3"]
[White "Buchner, Ralf"]
[Black "Niewerth, Gerd"]
[Result "1-0"]
[WhiteElo "1662"]
[BlackElo "1807"]
[PlyCount "59"]
[EventDate "2021.??.??"]
[EventType "team"]
[EventRounds "9"]
[EventCountry "GER"]
[SourceTitle "Verband Muensterland"]
[SourceDate "2021.09.29"]
[SourceVersion "1"]
[SourceVersionDate "2021.09.29"]
[SourceQuality "1"]
[WhiteTeam "Heiden II"]
[BlackTeam "Heiden"]
[WhiteTeamCountry "GER"]
[BlackTeamCountry "GER"]

1. Nf3 Nf6 2. d4 g6 3. Bg5 Bg7 4. Nc3 O-O 5. Qd2 d6 6. O-O-O Bd7 7. e4 a6 8.
Bh6 b5 9. Bxg7 Kxg7 10. e5 Ne8 11. h4 h5 12. Be2 Nc6 13. Qe3 Qc8 14. Nh2 Rh8
15. Ne4 dxe5 16. dxe5 Nxe5 17. Qd4 f6 18. f4 Bg4 19. fxe5 Bxe2 20. Rde1 Bc4 21.
exf6+ exf6 22. b3 Be6 23. Rhf1 Rf8 24. Ng5 Bf7 25. Ne4 Qd8 26. Qc3 Bd5 27. Nc5
Qd6 28. Nf3 Qf4+ 29. Kb1 Bxf3 30. Ne6+ 1-0

[Event "Muensterland Verbandsklasse 2122"]
[Site "Germany"]
[Date "2021.09.25"]
[Round "1.4"]
[White "Herdering, Martin"]
[Black "Wienen, Josef"]
[Result "1/2-1/2"]
[WhiteElo "1791"]
[BlackElo "1585"]
[PlyCount "74"]
[EventDate "2021.??.??"]
[EventType "team"]
[EventRounds "9"]
[EventCountry "GER"]
[SourceTitle "Verband Muensterland"]
[SourceDate "2021.09.29"]
[SourceVersion "1"]
[SourceVersionDate "2021.09.29"]
[SourceQuality "1"]
[WhiteTeam "Heiden"]
[BlackTeam "Heiden II"]
[WhiteTeamCountry "GER"]
[BlackTeamCountry "GER"]

1. e4 c5 2. Nf3 e6 3. d4 cxd4 4. Nxd4 d5 5. exd5 Qxd5 6. Bb5+ Bd7 7. Bxd7+ Qxd7
8. O-O Nf6 9. Nc3 a6 10. Bg5 Be7 11. Qd3 O-O 12. Rad1 Qe8 13. Qf3 Qc8 14. Rfe1
Nbd7 15. Qg3 Nh5 16. Qh4 Bxg5 17. Qxg5 Nhf6 18. Rd3 Qc5 19. Qh4 Ne5 20. Nb3 Qc7
21. Qg3 Nxd3 22. Qxc7 Nxe1 23. Na1 b5 24. Qe5 b4 25. Nd1 Nxc2 26. Nxc2 Rac8 27.
Nde3 Rfd8 28. g3 Rd2 29. Nxb4 h6 30. Nxa6 Rc1+ 31. Kg2 Re1 32. Qb8+ Kh7 33. Nc4
Rc2 34. Qb3 Ree2 35. Qf3 Ne4 36. Qxe2 Rxe2 37. Kf3 Rc2 1/2-1/2

[Event "Muensterland Verbandsklasse 2122"]
[Site "Germany"]
[Date "2021.09.25"]
[Round "1.6"]
[White "Vestrick, Frank"]
[Black "Spoeler, Gerd"]
[Result "1-0"]
[WhiteElo "1773"]
[BlackElo "1646"]
[PlyCount "65"]
[EventDate "2021.??.??"]
[EventType "team"]
[EventRounds "9"]
[EventCountry "GER"]
[SourceTitle "Verband Muensterland"]
[SourceDate "2021.09.29"]
[SourceVersion "1"]
[SourceVersionDate "2021.09.29"]
[SourceQuality "1"]
[WhiteTeam "Heiden"]
[BlackTeam "Heiden II"]
[WhiteTeamCountry "GER"]
[BlackTeamCountry "GER"]

1. d4 d5 2. c4 c6 3. Nc3 e6 4. Nf3 Nf6 5. Bg5 Be7 6. e3 Qa5 7. Qc2 Ne4 8. Bxe7
Kxe7 9. Bd3 f5 10. O-O Nd7 11. Rae1 h6 12. Nd2 Ndf6 13. f3 Ng5 14. e4 f4 15.
Nb3 Qd8 16. exd5 cxd5 17. cxd5 Nxd5 18. Nxd5+ Qxd5 19. Bc4 Qd6 20. h4 Nf7 21.
Qg6 Re8 22. Qxg7 Bd7 23. Rf2 Rh8 24. Qg6 Rag8 25. Qd3 b6 26. Rfe2 Nd8 27. d5
Kf8 28. Qe4 e5 29. Qxe5 Qxe5 30. Rxe5 Rh7 31. R1e4 Rhg7 32. Rxf4+ Nf7 33. Re2
1-0

[Event "Muensterland Verbandsklasse 2122"]
[Site "Germany"]
[Date "2021.09.25"]
[Round "1.7"]
[White "Blobel, Tobias"]
[Black "Knop, Adrian"]
[Result "1-0"]
[WhiteElo "1658"]
[BlackElo "1499"]
[PlyCount "85"]
[EventDate "2021.??.??"]
[EventType "team"]
[EventRounds "9"]
[EventCountry "GER"]
[SourceTitle "Verband Muensterland"]
[SourceDate "2021.09.29"]
[SourceVersion "1"]
[SourceVersionDate "2021.09.29"]
[SourceQuality "1"]
[WhiteTeam "Heiden II"]
[BlackTeam "Heiden"]
[WhiteTeamCountry "GER"]
[BlackTeamCountry "GER"]

1. d4 d5 2. c4 e6 3. Nc3 c6 4. cxd5 cxd5 5. Nf3 Bd6 6. Bg5 Qb6 7. Qc2 Nc6 8. e3
Nge7 9. a3 Ng6 10. Bd3 Bd7 11. Nh4 Nxh4 12. Bxh4 Rc8 13. O-O Ne7 14. Qe2 Ng6
15. Bg3 Bxg3 16. hxg3 O-O 17. f4 f5 18. Kf2 Nh8 19. Rh1 Nf7 20. g4 Nh6 21. gxf5
Nxf5 22. g4 Nh6 23. Bxh7+ Kxh7 24. g5 e5 25. gxh6 exf4 26. hxg7+ Kxg7 27. Rag1+
Kf7 28. Qh5+ Ke6 29. Rg6+ Rf6 30. Rxf6+ Kxf6 31. Nxd5+ Ke6 32. Qe5+ Kf7 33.
Rh7+ Kg6 34. Qg7+ Kf5 35. Nxb6 Rc2+ 36. Ke1 Bc6 37. Qe5+ Kg6 38. Qh5+ Kf6 39.
Rh6+ Ke7 40. Qe5+ Kf7 41. Rf6+ Kg7 42. Qg5+ Kh7 43. Rh6# 1-0

[Event "Muensterland Verbandsklasse 2122"]
[Site "Germany"]
[Date "2021.09.25"]
[Round "1.1"]
[White "Junk, Phillip"]
[Black "Siebald, Joerg"]
[Result "1-0"]
[WhiteElo "2005"]
[BlackElo "1725"]
[PlyCount "93"]
[EventDate "2021.??.??"]
[EventType "team"]
[EventRounds "9"]
[EventCountry "GER"]
[SourceTitle "Verband Muensterland"]
[SourceDate "2021.09.29"]
[SourceVersion "1"]
[SourceVersionDate "2021.09.29"]
[SourceQuality "1"]
[WhiteTeam "Hiltrup"]
[BlackTeam "Emsdetten Rochade III"]
[WhiteTeamCountry "GER"]
[BlackTeamCountry "GER"]

1. e4 e6 2. d4 d5 3. Nd2 dxe4 4. Nxe4 Nd7 5. Nf3 Ngf6 6. Nxf6+ Nxf6 7. Bd3 c5
8. Bg5 Be7 9. dxc5 Bxc5 10. Bb5+ Bd7 11. Bxd7+ Qxd7 12. Bxf6 Qxd1+ 13. Rxd1
gxf6 14. O-O Ke7 15. Rd3 Rad8 16. Rfd1 Rxd3 17. Rxd3 Rc8 18. Kf1 Bb6 19. c3 Rc4
20. Nd2 Rf4 21. f3 Rf5 22. c4 Re5 23. Ne4 Bc7 24. b4 b6 25. h3 a5 26. a3 h6 27.
Kf2 f5 28. Nc3 axb4 29. axb4 f4 30. Nb5 Re3 31. Rxe3 fxe3+ 32. Kxe3 Be5 33. Ke4
Bg3 34. Kd3 Be1 35. c5 bxc5 36. bxc5 Kd7 37. Kc4 Bg3 38. Nd4 Bf2 39. Nb3 Kc7
40. Kb5 e5 41. Kc4 Be1 42. Kd5 Bc3 43. Nc1 f6 44. Nd3 Kd7 45. g4 Kc7 46. Nf2
Kd7 47. Ne4 1-0

[Event "Muensterland Verbandsklasse 2122"]
[Site "Germany"]
[Date "2021.09.25"]
[Round "1.2"]
[White "Fuhrmann, Andreas"]
[Black "Kammers, Heribert"]
[Result "0-1"]
[WhiteElo "1661"]
[BlackElo "1952"]
[PlyCount "120"]
[EventDate "2021.??.??"]
[EventType "team"]
[EventRounds "9"]
[EventCountry "GER"]
[SourceTitle "Verband Muensterland"]
[SourceDate "2021.09.29"]
[SourceVersion "1"]
[SourceVersionDate "2021.09.29"]
[SourceQuality "1"]
[WhiteTeam "Emsdetten Rochade III"]
[BlackTeam "Hiltrup"]
[WhiteTeamCountry "GER"]
[BlackTeamCountry "GER"]

1. Nf3 d5 2. c4 e6 3. g3 Nf6 4. Bg2 Be7 5. O-O O-O 6. b3 c5 7. e3 Nc6 8. Bb2 b6
9. Nc3 Bb7 10. cxd5 exd5 11. d4 Rc8 12. Bh3 Rb8 13. Rc1 Bc8 14. Bg2 Bg4 15. h3
Bh5 16. g4 Bg6 17. Ne5 Nxe5 18. dxe5 Ne4 19. Nxd5 Bh4 20. Nc3 Nxf2 21. Rxf2
Bxf2+ 22. Kxf2 Qh4+ 23. Kg1 Rbd8 24. Qe1 Qxe1+ 25. Rxe1 Rd2 26. Ba1 Rfd8 27.
Be4 Bxe4 28. Nxe4 Rxa2 29. Nd6 f6 30. Rf1 fxe5 31. Bxe5 Rd7 32. Rf2 Ra3 33. Rb2
Ra1+ 34. Kg2 Rd1 35. Nf5 R1d2+ 36. Rxd2 Rxd2+ 37. Kf3 Rd3 38. Ne7+ Kf7 39. Nc8
Rxb3 40. Nxa7 c4 41. Nc6 b5 42. Ke2 Rb1 43. Bc3 Rh1 44. Nd4 Rb1 45. Nc6 Rc1 46.
Kd2 Rh1 47. Nd4 Rh2+ 48. Kd1 Rxh3 49. Nxb5 Rxe3 50. g5 Kg6 51. Bd2 Rd3 52. Ke2
h6 53. gxh6 gxh6 54. Nc3 Kf5 55. Bxh6 Rxc3 56. Kd2 Rg3 57. Kc2 c3 58. Bf8 Ke4
59. Bd6 Rf3 60. Bc5 Kd5 0-1

[Event "Muensterland Verbandsklasse 2122"]
[Site "Germany"]
[Date "2021.09.25"]
[Round "1.3"]
[White "Voigt, Stefan"]
[Black "Peters, Tobias"]
[Result "1-0"]
[WhiteElo "1785"]
[BlackElo "1619"]
[PlyCount "77"]
[EventDate "2021.??.??"]
[EventType "team"]
[EventRounds "9"]
[EventCountry "GER"]
[SourceTitle "Verband Muensterland"]
[SourceDate "2021.09.29"]
[SourceVersion "1"]
[SourceVersionDate "2021.09.29"]
[SourceQuality "1"]
[WhiteTeam "Hiltrup"]
[BlackTeam "Emsdetten Rochade III"]
[WhiteTeamCountry "GER"]
[BlackTeamCountry "GER"]

1. e4 c5 2. Nc3 g6 3. d4 cxd4 4. Qxd4 Nf6 5. e5 Nc6 6. Qf4 Nh5 7. Qe4 Bg7 8. g4
f5 9. gxf5 Nxe5 10. Be2 d5 11. Qxd5 Bxf5 12. Be3 Nc6 13. O-O-O Nf6 14. Qc4 Qa5
15. Bf3 Rc8 16. Qb3 Nb4 17. Rd2 Rxc3 18. bxc3 Nxa2+ 19. Kb2 Ne4 20. Rd5 Qxc3+
21. Qxc3 Naxc3 22. Ra5 Nd1+ 23. Kc1 Nxe3 24. fxe3 Nf2 25. Bxb7 Bh6 26. Ne2 Nxh1
27. Bxh1 Bxe3+ 28. Kb2 O-O 29. c4 Bb6 30. Re5 e6 31. c5 Bd8 32. Kb3 Be7 33. Bb7
Kg7 34. c6 Bd6 35. Ra5 Bb8 36. Rc5 Bc7 37. Nd4 Rd8 38. Nb5 Bxh2 39. c7 1-0

[Event "Muensterland Verbandsklasse 2122"]
[Site "Germany"]
[Date "2021.09.25"]
[Round "1.4"]
[White "Borgmann, Simon"]
[Black "Buchholz, Christian"]
[Result "1-0"]
[WhiteElo "1602"]
[BlackElo "1732"]
[PlyCount "120"]
[EventDate "2021.??.??"]
[EventType "team"]
[EventRounds "9"]
[EventCountry "GER"]
[SourceTitle "Verband Muensterland"]
[SourceDate "2021.09.29"]
[SourceVersion "1"]
[SourceVersionDate "2021.09.29"]
[SourceQuality "1"]
[WhiteTeam "Emsdetten Rochade III"]
[BlackTeam "Hiltrup"]
[WhiteTeamCountry "GER"]
[BlackTeamCountry "GER"]

1. d4 Nf6 2. Nf3 e6 3. b3 d5 4. Bb2 c5 5. e3 Nc6 6. Be2 Bd7 7. Nbd2 Be7 8. O-O
Rc8 9. c4 cxd4 10. Nxd4 Nxd4 11. Bxd4 O-O 12. Nf3 Bc6 13. Ne5 dxc4 14. Bxc4 Bd5
15. Qe2 a6 16. Rac1 Ba3 17. Bb2 Bxb2 18. Qxb2 Qe7 19. Rfd1 Rfd8 20. h3 Bxc4 21.
Nxc4 h6 22. Ne5 Rxd1+ 23. Rxd1 Rc5 24. Qa3 Qc7 25. f4 Nd5 26. Kf2 Rc2+ 27. Kf3
Rc3 28. Rd3 f6 29. Rxc3 Nxc3 30. Ng6 Qc6+ 31. Kg3 Ne4+ 32. Kh2 Qc5 33. Qxc5
Nxc5 34. Ne7+ Kf7 35. Nc8 Ne4 36. Kg1 Ke8 37. Kf1 Kd7 38. Nb6+ Kc6 39. Nc4 Kc5
40. a3 Nd2+ 41. Nxd2 a5 42. Ke2 b5 43. Kd3 f5 44. Nf3 b4 45. a4 Kd5 46. Nd4 g5
47. g3 g4 48. h4 h5 49. Nb5 Kc5 50. Nc7 Kd6 51. Ne8+ Ke7 52. Ng7 Kf6 53. Nxh5+
Kg6 54. Kd4 Kxh5 55. Ke5 Kh6 56. Kxe6 Kg6 57. Ke5 Kh6 58. Kxf5 Kh5 59. e4 Kh6
60. Kf6 Kh5 1-0

[Event "Muensterland Verbandsklasse 2122"]
[Site "Germany"]
[Date "2021.09.25"]
[Round "1.5"]
[White "Tigranjan, Raphael"]
[Black "Overmeyer, Juergen"]
[Result "0-1"]
[WhiteElo "1678"]
[BlackElo "1574"]
[PlyCount "70"]
[EventDate "2021.??.??"]
[EventType "team"]
[EventRounds "9"]
[EventCountry "GER"]
[SourceTitle "Verband Muensterland"]
[SourceDate "2021.09.29"]
[SourceVersion "1"]
[SourceVersionDate "2021.09.29"]
[SourceQuality "1"]
[WhiteTeam "Hiltrup"]
[BlackTeam "Emsdetten Rochade III"]
[WhiteTeamCountry "GER"]
[BlackTeamCountry "GER"]

1. e4 c5 2. a3 Nc6 3. b4 e5 4. b5 Nd4 5. c3 Ne6 6. Nf3 d6 7. d4 cxd4 8. cxd4
Nf6 9. dxe5 Nxe4 10. Bd3 Qa5+ 11. Bd2 Nxd2 12. Nbxd2 Qc3 13. Bc2 dxe5 14. O-O
Nc5 15. Nxe5 Be6 16. Nef3 Rd8 17. Qc1 Be7 18. Ne4 Qc4 19. Nxc5 Qxc5 20. Be4 Bd5
21. Qxc5 Bxc5 22. Bxd5 Rxd5 23. Rae1+ Kf8 24. Re5 Rxe5 25. Nxe5 Ke7 26. Re1 Rc8
27. Nc4+ Kf6 28. Na5 Bxa3 29. Nxb7 Rc7 30. Nd8 Rc2 31. Kf1 Bb4 32. Rb1 Bc5 33.
Nc6 Rxf2+ 34. Ke1 Rxg2 35. h3 Rg1+ 0-1